000
00310nam a2200121Ia 4500
005
20251222152652.0
008
251222s9999||||xx |||||||||||||| ||spa||
082
_a
232/T19
100
_a
Tanodi, Aurelio
245
0
_a
La Virgen María nos Habla en Medjugorje
264
_b
Escuela hogar de niñas
942
_c
LIB
999
_c
28504
_d
28504